| 000 | 00407nam a2200157Ia 4500 | ||
|---|---|---|---|
| 003 | OSt | ||
| 005 | 20230531102604.0 | ||
| 008 | 211028s2007 xx 000 0 und d | ||
| 040 | _cAIMIT LIBRARY | ||
| 041 | _aeng | ||
| 100 |
_aSundar, G Sushma; Deborah. _g50971419 _98964 |
||
| 110 |
_aDeborah _98965 |
||
| 245 | _aBiometrics: fingerprint authentication. | ||
| 260 |
_aMangalore _c2007 |
||
| 942 |
_2ddc _cPRO |
||
| 999 |
_c220145 _d220145 |
||